| 000 | 00826cam a2200265 4500 | ||
|---|---|---|---|
| 008 | 000000n2001 000 0 eng u | ||
| 020 | _a0728203529 | ||
| 035 | _a(Sirsi) u112659 | ||
| 050 | _a346.410434 | ||
| 100 | _aSmith, Peter F. | ||
| 245 | _aWest and Smith's law of dilapidations. | ||
| 250 | _a11th ed. | ||
| 260 |
_aLondon _bEstates Gazette _c2001 |
||
| 300 | _axlii,294p. ; 22cm. | ||
| 350 | _a26.00 | ||
| 520 | _aThe latest edition of a standard text on the obligations of landlords and tenants concerning dilapidated premises and the legal remedies available. | ||
| 650 | _aAGRICULTURAL DILAPIDATIONS | ||
| 650 | _aREPAIRING COVENANTS | ||
| 650 | _aLISTED BUILDINGS | ||
| 650 |
_aParty walls _96258 |
||
| 650 | _aREPAIRS | ||
| 690 |
_aDilapidations _96235 |
||
| 700 | _aWest, W.A. | ||
| 942 | _n0 | ||
| 999 |
_c101461 _d101461 |
||